| 000 | 00526nam a22001097a 4500 | ||
|---|---|---|---|
| 008 | 110708t xxu||||| |||| 00| 0 eng d | ||
| 010 | _aC DOC F-140 | ||
| 245 | _aThe High Court of Uganda at Kampla Criminal Appeal No. 39 of 1999. Original Criminal Case No. 2717 of 1998 Uganda Vs Muyingo John Paul. | ||
| 260 | _c1999 | ||
| 999 |
_c4643 _d4643 |
||